[Event "4NCL/Div3/WOB vs. HACK"]
[Site "Sunningdale ENG"]
[Date "2008.10.18"]
[Round "1.1"]
[White "Harley-Yeo, Gareth"]
[Black "Chin, Francis"]
[Result "1/2-1/2"]
[WhiteElo "2036"]
[BlackElo "2261"]
[PlyCount "31"]
[EventDate "2008.10.18"]
[SourceDate "2008.10.04"]

1. d4 d5 2. c4 e6 3. Nc3 Nf6 4. cxd5 exd5 5. Bg5 c6 6. Qc2 Be7 7. e3 O-O 8. Bd3
Re8 9. Nge2 Nbd7 10. O-O Nf8 11. f3 Nh5 12. Bxe7 Qxe7 13. e4 dxe4 14. fxe4 Qg5
15. e5 Ng6 16. Rf2 1/2-1/2

[Event "4NCL/Div3/WOB vs. HACK"]
[Site "Sunningdale ENG"]
[Date "2008.10.18"]
[Round "1.2"]
[White "Reid, John"]
[Black "Carpenter, Dai"]
[Result "1-0"]
[WhiteElo "2230"]
[BlackElo "1981"]
[PlyCount "59"]
[EventDate "2008.10.18"]
[SourceDate "2008.10.04"]

1. e4 d5 2. exd5 Qxd5 3. Nc3 Qe5+ 4. Be2 Bg4 5. d4 Bxe2 6. Ngxe2 Qa5 7. O-O Nf6
8. a3 e6 9. Bf4 Bd6 10. Qd3 Bxf4 11. Nxf4 c6 12. Rfe1 O-O 13. Re5 Qc7 14. Qg3
Rd8 15. Rg5 g6 16. Nh5 Qe7 17. Nxf6+ Qxf6 18. Ne2 Nd7 19. c3 Nb6 20. h4 h6 21.
Rg4 h5 22. Re4 a5 23. Nf4 Nd5 24. Nxh5 Qf5 25. Re5 Qc2 26. Rae1 Qxb2 27. Rxe6
Qxc3 28. Rxg6+ Kh7 29. Rh6+ Kxh6 30. Qg5+ 1-0

[Event "4NCL/Div3/WOB vs. HACK"]
[Site "Sunningdale ENG"]
[Date "2008.10.18"]
[Round "1.3"]
[White "Davies, Matthew"]
[Black "Tasker, Michael W"]
[Result "0-1"]
[WhiteElo "1971"]
[BlackElo "2062"]
[PlyCount "38"]
[EventDate "2008.10.18"]
[SourceDate "2008.10.04"]

1. d4 Nf6 2. c4 g6 3. Nc3 Bg7 4. e4 d6 5. Nf3 O-O 6. Be2 e5 7. O-O Nc6 8. d5
Ne7 9. Nd2 Nd7 10. b4 f5 11. Bb2 Nf6 12. a4 Bh6 13. f3 Be3+ 14. Kh1 f4 15. c5
Nh5 16. Qe1 Nf5 17. exf5 Ng3+ 18. hxg3 Qg5 19. Rf2 fxg3 0-1

[Event "4NCL/Div3/WOB vs. HACK"]
[Site "Sunningdale ENG"]
[Date "2008.10.18"]
[Round "1.5"]
[White "Zhu, Yao Yao"]
[Black "Lee, Martin"]
[Result "0-1"]
[WhiteElo "1997"]
[BlackElo "2050"]
[PlyCount "80"]
[EventDate "2008.10.18"]
[SourceDate "2008.10.04"]

1. e4 e6 2. d4 d5 3. exd5 exd5 4. Bd3 Bd6 5. h3 Ne7 6. Nf3 Bf5 7. O-O O-O 8. b3
Nd7 9. c4 c6 10. Nc3 Nf6 11. a3 h6 12. Re1 Bxd3 13. Qxd3 Ng6 14. g3 Qc7 15. Nh2
Qd7 16. Kg2 Bc7 17. c5 Nh7 18. f4 f5 19. Nf3 Nf6 20. Ra2 Ne4 21. Rae2 Rae8 22.
Qc2 Rf7 23. Nd1 Rfe7 24. Nb2 Kh8 25. Nd3 Qe6 26. Kh2 Qf6 27. Nfe5 Nxe5 28. fxe5
Qg6 29. Rg2 Qh5 30. Nf4 Qf7 31. Qd1 g5 32. Nh5 Rf8 33. b4 Re6 34. Rf1 Qg6 35.
g4 f4 36. Rf3 Re7 37. Bxf4 gxf4 38. Nxf4 Rxf4 39. Rxf4 Rxe5 40. Rf8+ Kg7 0-1

[Event "4NCL/Div3/WOB vs. HACK"]
[Site "Sunningdale ENG"]
[Date "2008.10.18"]
[Round "1.6"]
[White "Mata, Andrew B"]
[Black "Vaughan, David"]
[Result "1/2-1/2"]
[WhiteElo "1960"]
[BlackElo "2037"]
[PlyCount "32"]
[EventDate "2008.10.18"]
[SourceDate "2008.10.04"]

1. d4 Nf6 2. c4 g6 3. Nc3 Bg7 4. e4 d6 5. f3 Nbd7 6. Be3 c5 7. d5 a6 8. Qd2 Qa5
9. Nge2 b5 10. Nc1 bxc4 11. Bxc4 Rb8 12. Nb3 Qb4 13. Be2 a5 14. Rb1 Ne5 15. O-O
a4 16. Na1 Nc4 1/2-1/2

[Event "4NCL/Div3/MIN vs. OXF2"]
[Site "Sunningdale ENG"]
[Date "2008.10.18"]
[Round "1.1"]
[White "Ackley, Peter"]
[Black "Starkie, Ray"]
[Result "1/2-1/2"]
[WhiteElo "2112"]
[BlackElo "2125"]
[PlyCount "59"]
[EventDate "2008.10.18"]
[SourceDate "2008.10.04"]

1. g4 d5 2. Bg2 c6 3. h3 e5 4. d4 Nd7 5. c4 dxc4 6. dxe5 Nxe5 7. Qxd8+ Kxd8 8.
Nc3 Nf6 9. Bf4 Ng6 10. O-O-O+ Ke8 11. Bg3 Bb4 12. e4 Nd7 13. f4 Bc5 14. Nge2
Ke7 15. Nd4 Re8 16. Nf5+ Kf8 17. Rhe1 Kg8 18. Nd6 Bxd6 19. Rxd6 Nb6 20. f5 Nf8
21. e5 Nfd7 22. Bf2 h6 23. e6 fxe6 24. Rexe6 Nf6 25. Rxe8+ Nxe8 26. Rd4 Bd7 27.
Bf1 Nf6 28. Bxc4+ Nxc4 29. Rxc4 Re8 30. b4 1/2-1/2

[Event "4NCL/Div3/MIN vs. OXF2"]
[Site "Sunningdale ENG"]
[Date "2008.10.18"]
[Round "1.2"]
[White "Chapman, Graham W"]
[Black "Parker, Robert"]
[Result "1-0"]
[WhiteElo "2080"]
[BlackElo "2092"]
[PlyCount "31"]
[EventDate "2008.10.18"]
[SourceDate "2008.10.04"]

1. Nf3 Nf6 2. g3 c5 3. Bg2 Nc6 4. c4 e6 5. Nc3 Be7 6. O-O O-O 7. b3 d6 8. d4
Nxd4 9. Nxd4 cxd4 10. Qxd4 a6 11. Bb2 Qc7 12. Rfd1 Qc5 13. Qxc5 dxc5 14. Na4
Re8 15. Nb6 Ra7 16. Be5 1-0

[Event "4NCL/Div3/MIN vs. OXF2"]
[Site "Sunningdale ENG"]
[Date "2008.10.18"]
[Round "1.3"]
[White "Edwards, Ray B"]
[Black "Bruce, Dave"]
[Result "0-1"]
[WhiteElo "2099"]
[BlackElo "2078"]
[PlyCount "54"]
[EventDate "2008.10.18"]
[SourceDate "2008.10.04"]

1. d4 Nf6 2. c4 g6 3. Nc3 Bg7 4. e4 d6 5. Nf3 O-O 6. Be2 e5 7. Be3 exd4 8. Nxd4
Re8 9. f3 c6 10. Bf2 d5 11. exd5 cxd5 12. O-O Nc6 13. c5 Nh5 14. Qd2 Be5 15. g3
Bh3 16. Rfe1 Nf6 17. Rad1 Rc8 18. a3 h5 19. b4 a6 20. Qg5 Qd7 21. Na4 Nh7 22.
Nb6 Nxg5 23. Nxd7 Nxd4 24. Nxe5 Nxe2+ 25. Kh1 Rxe5 26. f4 Nxf4 27. gxf4 Rxe1+
0-1

[Event "4NCL/Div3/MIN vs. OXF2"]
[Site "Sunningdale ENG"]
[Date "2008.10.18"]
[Round "1.4"]
[White "Lang, Heather"]
[Black "Hawkins, Nick"]
[Result "0-1"]
[WhiteElo "2063"]
[BlackElo "2013"]
[PlyCount "104"]
[EventDate "2008.10.18"]
[SourceDate "2008.10.04"]

1. e4 e5 2. Nf3 Nc6 3. Bb5 a6 4. Ba4 Nf6 5. d4 exd4 6. O-O Be7 7. Re1 O-O 8. e5
Ne8 9. c3 dxc3 10. Nxc3 d6 11. exd6 Qxd6 12. Nd5 Be6 13. Bxc6 bxc6 14. Nxe7+
Qxe7 15. Ne5 c5 16. Qc2 Rc8 17. Be3 c4 18. Nxc4 Qh4 19. Ne5 Nd6 20. Rad1 Rfe8
21. Nf3 Qh5 22. Nd4 Bd5 23. Bf4 Qg4 24. Rxe8+ Rxe8 25. Bg3 Qxd4 26. h3 Qe4 27.
Qxe4 Bxe4 28. Bxd6 cxd6 29. Rxd6 Bb7 30. f3 Kf8 31. Kf2 Re6 32. Rd8+ Ke7 33.
Rh8 h6 34. Rg8 Kf6 35. h4 Bd5 36. g4 Bxa2 37. g5+ hxg5 38. hxg5+ Kg6 39. f4 Rb6
40. f5+ Kxg5 41. Rxg7+ Kxf5 42. Rh7 Rxb2+ 43. Ke3 Ke5 44. Rh6 Bc4 45. Rh5+ f5
46. Rh4 f4+ 47. Kf3 Bd5+ 48. Kg4 Rg2+ 49. Kh3 Rg1 50. Rh5+ Kd4 51. Rf5 Be6 52.
Kh2 Bxf5 0-1

[Event "4NCL/Div3/MIN vs. OXF2"]
[Site "Sunningdale ENG"]
[Date "2008.10.18"]
[Round "1.5"]
[White "James, Stephen B"]
[Black "Stembridge, Ed"]
[Result "0-1"]
[WhiteElo "2002"]
[BlackElo "2058"]
[PlyCount "52"]
[EventDate "2008.10.18"]
[SourceDate "2008.10.04"]

1. e4 c5 2. Nf3 Nc6 3. Bb5 d6 4. O-O e5 5. c4 f5 6. exf5 Bxf5 7. d3 Nf6 8. Nc3
Be7 9. Ng5 O-O 10. f4 Nd4 11. Ba4 exf4 12. Bxf4 a6 13. Qd2 Rb8 14. Rae1 b5 15.
Bd1 Qd7 16. Nce4 bxc4 17. dxc4 h6 18. Nxf6+ Bxf6 19. Ne4 Bxe4 20. Rxe4 Rxb2 21.
Qa5 Qc6 22. Rfe1 Bh4 23. g3 Rxf4 24. gxf4 Bf2+ 25. Kh1 Bxe1 26. Qxe1 Ne2 0-1

[Event "4NCL/Div3/MIN vs. OXF2"]
[Site "Sunningdale ENG"]
[Date "2008.10.18"]
[Round "1.6"]
[White "Burt, Will"]
[Black "Twitchell, Neville H"]
[Result "1-0"]
[WhiteElo "2050"]
[BlackElo "1983"]
[PlyCount "55"]
[EventDate "2008.10.18"]
[SourceDate "2008.10.04"]

1. e4 c5 2. Nf3 d6 3. d4 cxd4 4. Nxd4 Nf6 5. Nc3 a6 6. Bg5 e6 7. f4 Qb6 8. Qd2
Qxb2 9. Nb3 Qa3 10. Bd3 Nc6 11. O-O Be7 12. Rae1 h6 13. Bh4 O-O 14. e5 dxe5 15.
fxe5 Nd7 16. Bf6 Bxf6 17. exf6 Nce5 18. Re3 Ng6 19. Rh3 Nxf6 20. Rxf6 e5 21.
Rg3 Rd8 22. Rfxg6 fxg6 23. Bc4+ Be6 24. Bxe6+ Kh7 25. Qg5 Qf8 26. Qxg6+ Kh8 27.
Bf5 Qg8 28. Rh3 1-0

[Event "4NCL/Div3/OXF3 vs. CAMB2"]
[Site "Sunningdale ENG"]
[Date "2008.10.18"]
[Round "1.1"]
[White "Jeffries, Majid"]
[Black "Pickard, Charles"]
[Result "0-1"]
[WhiteElo "2019"]
[BlackElo "2199"]
[PlyCount "88"]
[EventDate "2008.10.18"]
[SourceDate "2008.10.04"]

1. Nf3 c5 2. c4 Nc6 3. Nc3 e5 4. g3 g6 5. Bg2 Bg7 6. O-O Nge7 7. d3 O-O 8. Nd5
d6 9. a3 Rb8 10. Rb1 a5 11. Bd2 Nxd5 12. cxd5 Ne7 13. Ne1 b5 14. a4 Bd7 15.
axb5 Bxb5 16. Bc3 Qb6 17. Qd2 Ra8 18. Nc2 Nf5 19. e3 Bh6 20. Rfe1 Rfb8 21. Na3
Qa6 22. Bf1 a4 23. Nxb5 Rxb5 24. Qd1 Qb6 25. d4 cxd4 26. exd4 exd4 27. Bxb5
Qxb5 28. Bxd4 Qxd5 29. Bc3 Qc6 30. Qd3 Rd8 31. Bf6 Rc8 32. g4 d5 33. gxf5 Qxf6
34. fxg6 hxg6 35. Qxd5 Rc2 36. Rf1 Bf8 37. Qe4 Rc5 38. f4 Rb5 39. Rbc1 Rb4 40.
Rc4 Rxb2 41. Rf2 Qb6 42. Qf3 Bc5 43. Rxc5 Qxc5 44. Kg2 Rxf2+ 0-1

[Event "4NCL/Div3/OXF3 vs. CAMB2"]
[Site "Sunningdale ENG"]
[Date "2008.10.18"]
[Round "1.2"]
[White "Cooley, Oliver"]
[Black "Hadi, Justin"]
[Result "0-1"]
[WhiteElo "2128"]
[BlackElo "2015"]
[PlyCount "80"]
[EventDate "2008.10.18"]
[SourceDate "2008.10.04"]

1. e4 c5 2. Nf3 Nc6 3. d4 cxd4 4. Nxd4 Nf6 5. Nc3 e5 6. Ndb5 d6 7. Bg5 a6 8.
Na3 b5 9. Nd5 Be7 10. Be3 O-O 11. Nxf6+ Bxf6 12. Qd2 Bb7 13. Rd1 Ne7 14. Qxd6
Qxd6 15. Rxd6 Bxe4 16. f3 Nf5 17. Rd2 Bxf3 18. gxf3 Nxe3 19. Bd3 Rfd8 20. Be4
Rab8 21. Rxd8+ Rxd8 22. Ke2 Ng2 23. c4 Nf4+ 24. Ke3 Bg5 25. cxb5 Nh3+ 26. f4
Bxf4+ 27. Ke2 Rd2+ 28. Ke1 axb5 29. Rf1 Rxb2 30. Bd5 b4 31. Nb5 Rxh2 32. Nd6
Ng5 33. Bb3 Rb2 34. Nc4 Bg3+ 35. Kd1 Rb1+ 36. Ke2 Rxf1 37. Kxf1 Kf8 38. Na5 e4
39. Nc6 Bd6 40. Ke2 f5 0-1

[Event "4NCL/Div3/OXF3 vs. CAMB2"]
[Site "Sunningdale ENG"]
[Date "2008.10.18"]
[Round "1.3"]
[White "Neatherway, Philip"]
[Black "Spencer, Carl"]
[Result "0-1"]
[WhiteElo "1960"]
[BlackElo "2134"]
[PlyCount "80"]
[EventDate "2008.10.18"]
[SourceDate "2008.10.04"]

1. c4 Nf6 2. Nc3 g6 3. g3 Bg7 4. Bg2 O-O 5. Nf3 d6 6. O-O c6 7. d3 Nbd7 8. Rb1
a5 9. a3 Ng4 10. Qc2 Nde5 11. Nxe5 Nxe5 12. b4 axb4 13. axb4 Bf5 14. e4 Bg4 15.
f3 Be6 16. Kh1 Qb6 17. c5 dxc5 18. f4 cxb4 19. fxe5 Qc5 20. d4 Qc4 21. Bd2 bxc3
22. Qxc3 b5 23. Qb4 Rfd8 24. Be3 Qxb4 25. Rxb4 Bc4 26. Rc1 Ra3 27. Bf2 Bh6 28.
Rd1 Ra2 29. Kg1 Bd2 30. Rbb1 e6 31. Bf3 Rda8 32. h4 Bd3 33. d5 Bxb1 34. Rxb1
Ra1 35. Rxa1 Rxa1+ 36. Kg2 cxd5 37. exd5 exd5 38. Bxd5 Ra6 39. Bb7 Re6 40. Bd4
b4 0-1

[Event "4NCL/Div3/OXF3 vs. CAMB2"]
[Site "Sunningdale ENG"]
[Date "2008.10.18"]
[Round "1.4"]
[White "Robertson, J Stuart"]
[Black "Levicki, Jeffrey"]
[Result "1-0"]
[WhiteElo "2050"]
[BlackElo "1940"]
[PlyCount "51"]
[EventDate "2008.10.18"]
[SourceDate "2008.10.04"]

1. d4 Nf6 2. c4 g6 3. Nc3 Bg7 4. e4 d6 5. Be2 O-O 6. Bg5 c6 7. Qd2 Nbd7 8. h4
h5 9. g4 hxg4 10. f3 c5 11. d5 g3 12. h5 Nxh5 13. f4 Ndf6 14. f5 Qb6 15. Bxh5
Nxh5 16. Rxh5 gxh5 17. Bxe7 Bd7 18. f6 Kh7 19. fxg7 Rg8 20. Bf6 Qc7 21. Qg5 Bg4
22. Nge2 g2 23. O-O-O Qd7 24. Ng3 Bxd1 25. Nf5 g1=Q 26. Qh6# 1-0

[Event "4NCL/Div3/OXF3 vs. CAMB2"]
[Site "Sunningdale ENG"]
[Date "2008.10.18"]
[Round "1.5"]
[White "Lai, Yi Ming"]
[Black "Campbell, Mark"]
[Result "0-1"]
[WhiteElo "1835"]
[BlackElo "1995"]
[PlyCount "126"]
[EventDate "2008.10.18"]
[SourceDate "2008.10.04"]

1. e4 c5 2. Nc3 Nc6 3. f4 g6 4. Nf3 Bg7 5. Bc4 e6 6. d3 Nge7 7. O-O O-O 8. Qe1
Nd4 9. Nxd4 Bxd4+ 10. Kh1 d5 11. Bb3 a6 12. f5 exf5 13. Nxd5 Nxd5 14. Bxd5 fxe4
15. Bxe4 Qc7 16. Bf4 Be5 17. Qg3 Bxf4 18. Qxf4 Qxf4 19. Rxf4 Rb8 20. Bd5 Be6
21. Bxe6 fxe6 22. Re4 Rf6 23. Rae1 Kf7 24. g3 Rd8 25. Kg2 Ke7 26. g4 h6 27. h4
Rd6 28. Kg3 Kd7 29. Rf4 Rxf4 30. Kxf4 Rd4+ 31. Re4 Rd5 32. Ke3 g5 33. c4 Rd4
34. hxg5 Rxe4+ 35. Kxe4 hxg5 36. Ke5 Ke7 37. b3 a5 38. a3 b6 39. a4 Kf7 40. Kd6
Kf6 41. Kc6 Ke5 42. Kxb6 Kf4 43. Kxc5 Kxg4 44. Kb5 Kf5 45. c5 g4 46. c6 g3 47.
c7 g2 48. c8=Q g1=Q 49. Qc5+ Qxc5+ 50. Kxc5 Ke5 51. Kb5 Kd4 52. Kxa5 Kxd3 53.
Kb5 e5 54. a5 e4 55. a6 e3 56. a7 e2 57. a8=Q e1=Q 58. Qd5+ Kc3 59. Qc4+ Kb2
60. b4 Qe5+ 61. Ka4 Qe8+ 62. b5 Qa8+ 63. Kb4 Qa3# 0-1

[Event "4NCL/Div3/OXF3 vs. CAMB2"]
[Site "Sunningdale ENG"]
[Date "2008.10.18"]
[Round "1.6"]
[White "Lim, Mark"]
[Black "Henbest, Kevin B"]
[Result "1-0"]
[WhiteElo "1897"]
[BlackElo "1795"]
[PlyCount "91"]
[EventDate "2008.10.18"]
[SourceDate "2008.10.04"]

1. Nf3 Nf6 2. g3 g6 3. b4 Bg7 4. Bb2 d6 5. Bg2 O-O 6. O-O e5 7. d3 Nc6 8. a3
Ne7 9. Nbd2 c6 10. c4 Nd7 11. d4 f5 12. Ng5 Nf6 13. dxe5 dxe5 14. Bxe5 h6 15.
Ngf3 Nh5 16. Bxg7 Kxg7 17. Qc2 f4 18. Rad1 fxg3 19. hxg3 Qc7 20. Qc3+ Kh7 21.
Qe5 Qd7 22. Ne4 Qe6 23. Nd6 Qxe5 24. Nxe5 Rb8 25. Nxc8 Rfxc8 26. Rd7 Re8 27.
Be4 Kg8 28. Nxg6 Nxg6 29. Bxg6 Re5 30. f4 Nf6 31. Rd6 Rxe2 32. Rxf6 Rd8 33. Bh5
Re3 34. Kh2 Rd2+ 35. Kh3 Rdd3 36. Rg1 Rxa3 37. Rf7 b5 38. Rc7 bxc4 39. Bf7+ Kf8
40. Bxc4 Rac3 41. Ba6 Re4 42. Rd1 Ke8 43. Bb7 Rec4 44. Rdd7 c5 45. Rh7 Kd8 46.
Rc8# 1-0

[Event "4NCL/Div3/MET vs. GLOSG"]
[Site "Sunningdale ENG"]
[Date "2008.10.18"]
[Round "1.1"]
[White "Dickson, George"]
[Black "Hosken, Nigel"]
[Result "0-1"]
[WhiteElo "2135"]
[BlackElo "2024"]
[PlyCount "118"]
[EventDate "2008.10.18"]
[SourceDate "2008.10.04"]

1. e4 c5 2. c3 d5 3. exd5 Qxd5 4. d4 Nc6 5. Nf3 Bg4 6. Be2 cxd4 7. cxd4 e6 8.
Nc3 Qa5 9. O-O Nf6 10. Be3 a6 11. Qb3 Qb4 12. Qxb4 Nxb4 13. a3 Nbd5 14. Rac1
Bd6 15. h3 Bh5 16. Nd2 Bxe2 17. Nxe2 Kd7 18. Nc4 Rac8 19. Bd2 Ne4 20. Ba5 f6
21. Nxd6 Nxd6 22. Nc3 Nxc3 23. Bxc3 Nc4 24. Rfd1 Nb6 25. Kf1 Nd5 26. Bd2 Rxc1
27. Rxc1 Rc8 28. Rxc8 Kxc8 29. Ke2 Kd7 30. Kd3 Kc6 31. b3 Kd6 32. f4 f5 33. a4
b6 34. Kc4 Kc6 35. b4 b5+ 36. axb5+ axb5+ 37. Kd3 Ne7 38. Be1 Kd5 39. g3 Nc6
40. g4 g6 41. gxf5 gxf5 42. Bc3 h6 43. h4 h5 44. Bd2 Nxd4 45. Be3 Nc6 46. Bc5
e5 47. fxe5 Nxe5+ 48. Ke3 Ng6 49. Kf3 Kc4 50. Bd6 Nxh4+ 51. Kf4 Kd5 52. Bc5 Ke6
53. Kg5 Nf3+ 54. Kxh5 Ke5 55. Bf8 Ke4 56. Bd6 Ne1 57. Kh4 f4 58. Kh3 Ke3 59.
Kh2 f3 0-1

[Event "4NCL/Div3/MET vs. GLOSG"]
[Site "Sunningdale ENG"]
[Date "2008.10.18"]
[Round "1.2"]
[White "Waterfield, John"]
[Black "Djabri, Zafer M"]
[Result "1-0"]
[WhiteElo "2018"]
[BlackElo "2103"]
[PlyCount "81"]
[EventDate "2008.10.18"]
[SourceDate "2008.10.04"]

1. e4 c5 2. c3 Nf6 3. e5 Nd5 4. Bc4 e6 5. Nf3 Nc6 6. O-O d6 7. exd6 Qxd6 8. d4
cxd4 9. cxd4 Be7 10. Nc3 Nxc3 11. bxc3 O-O 12. Re1 b6 13. Qd3 Bb7 14. Bb3 Qd8
15. Bc2 g6 16. Bh6 Re8 17. Rad1 Bf6 18. Bb3 Na5 19. Ne5 Nxb3 20. axb3 Qd5 21.
Qf3 Bxe5 22. dxe5 Qxf3 23. gxf3 Bxf3 24. Rd3 {=} Bg4 25. f3 Bf5 26. Rd2 a5 27.
Ra1 b5 28. Rda2 a4 29. bxa4 bxa4 30. Rxa4 Rxa4 31. Rxa4 Rc8 32. Ra7 Bd3 33. Kf2
Bc4 34. Kg3 Bd5 35. Re7 Bc6 36. Kg4 Ba4 37. Kg5 Rxc3 38. Ra7 Bc6 39. Rc7 f6+
40. Kxf6 Rxf3+ 41. Kxe6 1-0

[Event "4NCL/Div3/MET vs. GLOSG"]
[Site "Sunningdale ENG"]
[Date "2008.10.18"]
[Round "1.3"]
[White "Fegan, Chris"]
[Black "Lambourne, Daniel M"]
[Result "0-1"]
[WhiteElo "2098"]
[BlackElo "1986"]
[PlyCount "52"]
[EventDate "2008.10.18"]
[SourceDate "2008.10.04"]

1. Nf3 Nf6 2. g3 c5 3. Bg2 g6 4. b3 Bg7 5. Bb2 O-O 6. O-O d5 7. d3 Nc6 8. Nbd2
Bf5 9. Re1 Qd7 10. c4 d4 11. a3 a5 12. b4 axb4 13. Nb3 Qd6 14. Nh4 Bd7 15. axb4
Rxa1 16. Bxa1 Nxb4 17. Bxb7 Rb8 18. Bg2 Ba4 19. e3 Nxd3 20. Qxd3 Rxb3 21. Qd2
dxe3 22. Qa2 exf2+ 23. Kxf2 Ng4+ 24. Kf1 Qd3+ 25. Qe2 Qxe2+ 26. Kxe2 Re3+ 0-1

[Event "4NCL/Div3/MET vs. GLOSG"]
[Site "Sunningdale ENG"]
[Date "2008.10.18"]
[Round "1.4"]
[White "Meade, Philip J"]
[Black "Calvert, D Ian"]
[Result "1/2-1/2"]
[WhiteElo "2055"]
[BlackElo "2051"]
[PlyCount "47"]
[EventDate "2008.10.18"]
[SourceDate "2008.10.04"]

1. e4 d5 2. exd5 Qxd5 3. Nc3 Qd6 4. d4 Nf6 5. Bc4 a6 6. f3 Nc6 7. Nge2 e5 8.
Be3 Bf5 9. d5 Ne7 10. Ng3 Bg6 11. Qd2 c6 12. dxc6 Qxd2+ 13. Bxd2 Nxc6 14. O-O-O
O-O-O 15. Rhe1 Bb4 16. a3 Ba5 17. Nd5 Bxd2+ 18. Rxd2 Nxd5 19. Bxd5 f6 20. c3
Ne7 21. Be6+ Kc7 22. Red1 Rxd2 23. Rxd2 Rd8 24. Rxd8 1/2-1/2

[Event "4NCL/Div3/MET vs. GLOSG"]
[Site "Sunningdale ENG"]
[Date "2008.10.18"]
[Round "1.5"]
[White "Vachtfeidl, Petr"]
[Black "Taylor, Geoffrey P"]
[Result "0-1"]
[WhiteElo "2015"]
[BlackElo "2018"]
[PlyCount "78"]
[EventDate "2008.10.18"]
[SourceDate "2008.10.04"]

1. e4 c5 2. Nf3 d6 3. d4 cxd4 4. Nxd4 Nf6 5. Nc3 a6 6. Be2 e5 7. Nb3 Be7 8. O-O
Bd7 9. Bg5 Bc6 10. Bxf6 gxf6 11. Bg4 Nd7 12. a4 Bf8 13. a5 h5 14. Bf5 Qc7 15.
Nd5 Bxd5 16. Qxd5 Qc6 17. Bxd7+ Qxd7 18. Rfd1 Rg8 19. Rd3 h4 20. h3 O-O-O 21.
Nd2 Kb8 22. Nc4 f5 23. Nxe5 Qe6 24. Nxf7 Qxd5 25. Rxd5 Re8 26. Rxf5 Rxe4 27.
Rg5 Rxg5 28. Nxg5 Re2 29. Nf3 Rxc2 30. Re1 Bg7 31. Re8+ Ka7 32. Re6 Rxb2 33.
Rxd6 Rb5 34. Rg6 Bc3 35. Nxh4 Rxa5 36. g4 Ra1+ 37. Kg2 a5 38. Nf5 a4 39. Nd6
Rb1 {Time} 0-1

[Event "4NCL/Div3/MET vs. GLOSG"]
[Site "Sunningdale ENG"]
[Date "2008.10.18"]
[Round "1.6"]
[White "Dodwell, Phil"]
[Black "Cooke, Charlie"]
[Result "1/2-1/2"]
[WhiteElo "2005"]
[BlackElo "1940"]
[PlyCount "51"]
[EventDate "2008.10.18"]
[SourceDate "2008.10.04"]

1. e4 e5 2. Nf3 Nf6 3. Nc3 Nc6 4. Bb5 d6 5. d4 Bd7 6. O-O exd4 7. Nxd4 Nxd4 8.
Qxd4 Bxb5 9. Nxb5 a6 10. Nc3 Be7 11. Re1 O-O 12. b3 Re8 13. Bb2 Bf8 14. Rad1
Qe7 15. Nd5 Nxd5 16. Qxd5 c6 17. Qd2 Rad8 18. f4 Qc7 19. Kh1 f6 20. c4 Qe7 21.
Bc3 Qc7 22. Ba5 b6 23. Bc3 a5 24. Rc1 Qb7 25. Rcd1 Qc7 26. Rc1 1/2-1/2

[Event "4NCL/Div3/AMCAR vs. FPONTY"]
[Site "Sunningdale ENG"]
[Date "2008.10.18"]
[Round "1.1"]
[White "McLaughlin, Noel"]
[Black "Sully, David"]
[Result "1/2-1/2"]
[WhiteElo "2025"]
[BlackElo "2135"]
[PlyCount "39"]
[EventDate "2008.10.18"]
[SourceDate "2008.10.04"]

1. Nf3 b6 2. e4 Bb7 3. Nc3 Nf6 4. e5 Nd5 5. Nxd5 Bxd5 6. c4 Bxf3 7. Qxf3 Nc6 8.
Qe4 e6 9. d4 Bb4+ 10. Bd2 Bxd2+ 11. Kxd2 f5 12. Qe3 O-O 13. Rd1 d6 14. Kc1 dxe5
15. dxe5 Qe7 16. Be2 Rad8 17. f4 a5 18. Bf3 Nb4 19. a3 Na6 20. g3 1/2-1/2

[Event "4NCL/Div3/AMCAR vs. FPONTY"]
[Site "Sunningdale ENG"]
[Date "2008.10.18"]
[Round "1.2"]
[White "Adams, Mark A"]
[Black "Owens, Trefor"]
[Result "1/2-1/2"]
[WhiteElo "2034"]
[BlackElo "1990"]
[PlyCount "77"]
[EventDate "2008.10.18"]
[SourceDate "2008.10.04"]

1. e4 e6 2. d4 d5 3. Bd3 Nc6 4. c3 dxe4 5. Bxe4 Nf6 6. Bf3 Bd6 7. Ne2 Ne7 8.
O-O Ng6 9. g3 h5 10. Bg5 h4 11. Qd3 hxg3 12. fxg3 Qd7 13. Nd2 e5 14. Bxf6 gxf6
15. Be4 Qh3 16. Rf2 f5 17. Bxf5 Bxf5 18. Qxf5 Nf4 19. Qe4 O-O-O 20. Nf1 f5 21.
Qf3 Rdg8 22. dxe5 Nxe2+ 23. Rxe2 Bc5+ 24. Kh1 f4 25. Rg2 fxg3 26. Rxg3 Qe6 27.
Rd1 Qxe5 {=} 28. Qd5 Qxd5+ 29. Rxd5 Rf8 30. Rxc5 Rxf1+ 31. Kg2 Rb1 32. Rb5 Rc1
33. h3 Rc2+ 34. Kf3 Rh2 35. Kg4 Rg8+ 36. Kh4 Rh8+ 37. Kg4 Rg8+ 38. Kf3 Rf8+ 39.
Kg4 1/2-1/2

[Event "4NCL/Div3/AMCAR vs. FPONTY"]
[Site "Sunningdale ENG"]
[Date "2008.10.18"]
[Round "1.3"]
[White "Staples, Daniel J"]
[Black "Davis, Lee"]
[Result "1/2-1/2"]
[WhiteElo "1985"]
[BlackElo "1946"]
[PlyCount "40"]
[EventDate "2008.10.18"]
[SourceDate "2008.10.04"]

1. e4 d6 2. d4 Nf6 3. Nc3 g6 4. Bc4 Bg7 5. Nf3 O-O 6. O-O Nxe4 7. Nxe4 d5 8.
Bd3 dxe4 9. Bxe4 Nd7 10. c3 c5 11. Qe2 Qc7 12. Bg5 Nf6 13. Bd3 Bg4 14. Qe5 Rac8
15. Qxc7 Rxc7 16. Bf4 Rcc8 17. dxc5 Bxf3 18. gxf3 Nd5 19. Be3 Nxe3 20. fxe3
Rxc5 1/2-1/2

[Event "4NCL/Div3/AMCAR vs. FPONTY"]
[Site "Sunningdale ENG"]
[Date "2008.10.18"]
[Round "1.4"]
[White "StClair, Allan"]
[Black "Mitchell, Stephen R"]
[Result "1-0"]
[WhiteElo "1836"]
[BlackElo "1980"]
[PlyCount "143"]
[EventDate "2008.10.18"]
[SourceDate "2008.10.04"]

1. d4 f5 2. e4 fxe4 3. Nc3 Nf6 4. Bg5 Nc6 5. d5 Ne5 6. Bxf6 exf6 7. Nxe4 f5 8.
Nc3 Bc5 9. Na4 Be7 10. Nf3 Nf7 11. Bd3 Nd6 12. O-O b5 13. Nc3 a6 14. a3 O-O 15.
Re1 Bf6 16. Qd2 Rb8 17. Bf1 b4 18. axb4 Rxb4 19. Na4 Re4 20. Nc5 Nc4 21. Qb4 a5
22. Qb3 Rxe1 23. Rxe1 Nd6 24. Ra1 g5 25. Rxa5 g4 26. Nd2 Bd4 27. c3 Be5 28. Nd3
Bg7 29. Ra1 f4 30. Re1 Ba6 31. Ne5 Bxf1 32. Nxf1 f3 33. g3 Bxe5 34. Rxe5 Qf6
35. Re1 Qh6 36. h4 gxh3 37. Kh2 Kh8 38. Qc2 Nf5 39. c4 Qg5 40. Qc3+ Ng7 41. Re3
Kg8 42. Nd2 Nh5 43. Rxf3 Nf6 44. Kxh3 Qh6+ 45. Kg2 Ng4 46. Rxf8+ Qxf8 47. Qd4
Nf6 48. Qf4 d6 49. f3 Qg7 50. Qf5 Ne8 51. Qc2 Qd4 52. Ne4 Qg7 53. Qc3 Qg6 54.
b4 h6 55. c5 dxc5 56. bxc5 Qa6 57. Qc2 Kg7 58. Kf2 Kg8 59. Qb3 Kg7 60. f4 Qg6
61. Qc3+ Kf7 62. Qe5 Qa6 63. f5 Qa2+ 64. Kf3 Qa3+ 65. Kg4 Qb4 66. Qe6+ Kf8 67.
f6 Qxe4+ 68. Qxe4 Nxf6+ 69. Kf5 Nxe4 70. Kxe4 Ke7 71. Kf5 Kf7 72. g4 1-0

[Event "4NCL/Div3/AMCAR vs. FPONTY"]
[Site "Sunningdale ENG"]
[Date "2008.10.18"]
[Round "1.5"]
[White "Green, George D A"]
[Black "Davis, Ashley"]
[Result "1-0"]
[WhiteElo "1975"]
[BlackElo "1740"]
[PlyCount "41"]
[EventDate "2008.10.18"]
[SourceDate "2008.10.04"]

1. c4 Nf6 2. Nc3 c5 3. Nf3 e6 4. g3 d5 5. d4 Nc6 6. cxd5 exd5 7. Bg2 Bf5 8. Bg5
Be6 9. Bxf6 Qxf6 10. O-O Rd8 11. e3 Be7 12. Rc1 h5 13. Qa4 a6 14. Ne5 b5 15.
Nxb5 axb5 16. Qxb5 Bd7 17. Nxd7 Kxd7 18. Bxd5 Rb8 19. Qe2 h4 20. b3 Bd6 21.
dxc5 1-0